Artesanías de Michoacán (Record no. 9864)

MARC details
000 -CABECERA
campo de control de longitud fija 00846nam a2200241 a 4500
001 - NÚMERO DE CONTROL
campo de control BRL_1052
005 - FECHA Y HORA DE LA ÚLTIMA TRANSACCIÓN
campo de control 20190320211019.0
008 - DATOS DE LONGITUD FIJA--INFORMACIÓN GENERAL
campo de control de longitud fija 051113s1960----mx-a######---#000-0#spa-#
041 ## - CÓDIGO DE LENGUA
Código de lengua del texto/banda sonora o título independiente spa
044 ## - CÓDIGO DEL PAÍS DE LA ENTIDAD EDITORA/PRODUCTORA
Código MARC del país mx
050 #4 - SIGNATURA TOPOGRÁFICA DE LA BIBLIOTECA DEL CONGRESO
Número de clasificación NK845.M5
Número de documento/Ítem .A78 1960
245 10 - MENCIÓN DE TÍTULO
Título Artesanías de Michoacán
260 ## - PUBLICACIÓN, DISTRIBUCIÓN, ETC.
Lugar de publicación, distribución, etc. [México
Nombre del editor, distribuidor, etc. s.n.
Fecha de publicación, distribución, etc. 1960?]
300 ## - DESCRIPCIÓN FÍSICA
Extensión Varias paginaciones
Otras características físicas il. (algunas a color)
Dimensiones 23 cm.
500 ## - NOTA GENERAL
Nota general Au1203
505 0# - NOTA DE CONTENIDO CON FORMATO
Nota de contenido con formato Contenido: El arte popular michoacano / Daniel Rubín de la Borbolla -- Las artesanías en Tiripitio / por Antonio Arriaga O.
650 14 - PUNTO DE ACCESO ADICIONAL DE MATERIA--TÉRMINO DE MATERIA
Término de materia o nombre geográfico como elemento de entrada Artesanías
Subdivisión geográfica Michoacán (México)
9 (RLIN) 25686
650 14 - PUNTO DE ACCESO ADICIONAL DE MATERIA--TÉRMINO DE MATERIA
Término de materia o nombre geográfico como elemento de entrada Arte popular
Subdivisión geográfica Michoacán (México)
9 (RLIN) 25687
700 1# - PUNTO DE ACCESO ADICIONAL--NOMBRE DE PERSONA
Nombre de persona Rubín de la Borbolla, Daniel
Título de la obra Arte popular michoacano
9 (RLIN) 25688
700 1# - PUNTO DE ACCESO ADICIONAL--NOMBRE DE PERSONA
Nombre de persona Arriaga, Antonio
Título de la obra Artesanías en Tiripitio
9 (RLIN) 25689
902 ## - CATALOGADOR
Iniciales GRL
942 ## - ELEMENTOS DE PUNTO DE ACCESO ADICIONAL (KOHA)
Fuente del sistema de clasificación o colocación Library of Congress Classification
Tipo de ítem Koha Libros
Holdings
Estado de retiro Estado de pérdida Estado dañado No para préstamo Localización permanente Ubicación/localización actual Fecha de adquisición Número de inventario Total de préstamos Signatura topográfica completa Código de barras Fecha visto por última vez Precio válido a partir de Tipo de ítem Koha
El ejemplar forma parte de la colección y puede ser consultado según las políticas vigentes.       Biblioteca Centro de Estudios Ruth D. Lechuga Biblioteca Centro de Estudios Ruth D. Lechuga 05/11/2013 Au1203   NK845.M5 .A78 1960 (Au1203) GRL01149 22/03/2019 22/03/2019 Libros